Gul se Guldasta (Record no. 30346)

000 -LEADER
fixed length control field 00416 a2200133 4500
003 - CONTROL NUMBER IDENTIFIER
control field NUST
005 - DATE AND TIME OF LATEST TRANSACTION
control field 20180118113715.0
008 - FIXED-LENGTH DATA ELEMENTS--GENERAL INFORMATION
fixed length control field 180118b xxu||||| |||| 00| 0 eng d
040 ## - CATALOGING SOURCE
Transcribing agency NUST
082 ## - DEWEY DECIMAL CLASSIFICATION NUMBER
Classification number 809.935
100 ## - MAIN ENTRY--PERSONAL NAME
Personal name Bhutta, Sakhi Muhammad
9 (RLIN) 2516
245 ## - TITLE STATEMENT
Title Gul se Guldasta
Remainder of title Sabaq Amooz Aap Beeti aur No Jawan Nasal ke liye Paigham Jaddo Jahad
Statement of responsibility, etc. Pro. Dr. Engineer Sakhi Muhammad Bhutta
250 ## - EDITION STATEMENT
Edition statement 2012
260 ## - PUBLICATION, DISTRIBUTION, ETC.
Place of publication, distribution, etc. Islamabad
Name of publisher, distributor, etc. PPA Publications
Date of publication, distribution, etc. 2012
300 ## - PHYSICAL DESCRIPTION
Extent 160
942 ## - ADDED ENTRY ELEMENTS (KOHA)
Institution code [OBSOLETE] SNS
Koha item type Book
Call number prefix 809.935 BHU
Source of classification or shelving scheme
Holdings
Withdrawn status Lost status Damaged status Not for loan Permanent Location Current Location Date acquired Total Checkouts Full call number Barcode Date last seen Price effective from Koha item type
        School of Natural Sciences (SNS) School of Natural Sciences (SNS) 05/26/2016   809.935 BHU SNS0002062 05/26/2016 05/26/2016 Book
© 2023 Central Library, National University of Sciences and Technology. All Rights Reserved.